| 000 | 00835nam a22002057a 4500 | ||
|---|---|---|---|
| 999 |
_c3399 _d3399 |
||
| 003 | AR-CdUCM | ||
| 008 | 190306b ||||| |||| 00| 0 spa d | ||
| 040 |
_aMUNICIPALIDAD PROVINCIAL DEL CUSCO _cBIBLIOTECA MUNICIPAL DEL CUSCO |
||
| 082 |
_25ed. _a869.56 / _bS21 |
||
| 100 |
_aSanchez, Luis Alberto _91008 |
||
| 245 |
_aLa Literatura Peruana : _bDerrotero para una Historia Cultural del Perú / |
||
| 260 |
_aLima : _bJuan Mejía Baca, _c1981. |
||
| 300 |
_a735 páginas ; _c25 cm. |
||
| 505 | _aApogeo y decadencia del barroquismo -- El Barroquismo colonial y Góngora -- El apogeo culterano -- La Ciudad de Dios: Místicos, teólogos, predicadores y cronistas de convento -- La calle: La mujer y la comedia... | ||
| 650 |
_aLiteratura _983 |
||
| 650 |
_aPerú _935 |
||
| 650 |
_aPoesía _9139 |
||
| 942 |
_2ddc _cLIBROS |
||
| 945 | _admma | ||